Guess the Famous People from their Eyes #13 - Statistics

General Stats
  • This quiz has been taken 427 times
  • The average score is 7 of 16
Answer Stats
Picture Answer % Correct
Donald Trump
99%
Taylor Swift
95%
Ellen DeGeneres
77%
Meghan Markle
61%
Jared Leto
57%
Dakota Johnson
55%
John Legend
54%
Brie Larson
35%
Kylian Mbappe
32%
Mick Jagger
27%
Alexandria Ocasio-Cortez
26%
Lupita Nyong'o
26%
Neil Patrick Harris
21%
Novak Djokovic
18%
Jane Fonda
17%
Wesley Snipes
14%
No matching quizzes found
Score Distribution
Percent of People with Each Score
Percentile by Number Answered
Your Score History
You have not taken this quiz